| Tag |
First Indicator |
Second Indicator |
Subfields |
| LEADER |
00000cam a2200000 a 4500 |
| 001 |
in00000014018 |
| 005 |
20151007052124.0 |
| 008 |
870406s1987 wb a b 10010 eng |
| 010 |
|
|
|a 87009682
|
| 020 |
|
|
|a 0387176993 (U.S.)
|
| 035 |
|
|
|a (OCoLC)15548691
|
| 035 |
|
|
|9 AAA6367AM
|
| 040 |
|
|
|a DLC
|c DLC
|d TXA
|d UtOrBLW
|
| 049 |
|
|
|a TXAM
|c [A12606932]
|
| 050 |
0 |
0 |
|a QA76.9.D5
|b N377 1986
|
| 082 |
0 |
|
|a 004/.36
|2 19
|
| 111 |
2 |
|
|a NATO Advanced Study Institute on Distributed Operating Systems, Theory and Practice
|d (1986 :
|c Çeşme, Turkey)
|
| 245 |
1 |
0 |
|a Distributed operating systems :
|b theory and practice /
|c edited by Yakup Paker, Jean-Pierre Banatre, Müslim Bozyiğit.
|
| 264 |
|
1 |
|a Berlin ;
|a New York :
|b Springer-Verlag,
|c [1987]
|
| 264 |
|
4 |
|c ©1987
|
| 300 |
|
|
|a x, 379 pages :
|b illustrations ;
|c 25 cm.
|
| 336 |
|
|
|a text
|b txt
|2 rdacontent
|
| 337 |
|
|
|a unmediated
|b n
|2 rdamedia
|
| 338 |
|
|
|a volume
|b nc
|2 rdacarrier
|
| 490 |
1 |
|
|a NATO ASI series. Series F, Computer and systems sciences ;
|v vol. 28
|
| 500 |
|
|
|a "Published in cooperation with NATO Scientific Affairs Divison."
|
| 500 |
|
|
|a "Proceedings of the NATO Advanced Study Institute on Distributed Operating Systems, Theory and Practice, held at Altinyunus, Çeşme, Turkey, August 18-29, 1986."--Title page verso.
|
| 504 |
|
|
|a Includes bibliographies.
|
| 650 |
|
0 |
|a Electronic data processing
|x Distributed processing
|v Congresses.
|
| 650 |
|
0 |
|a Operating systems (Computers)
|v Congresses.
|
| 700 |
1 |
|
|a Paker, Yakup.
|
| 700 |
1 |
|
|a Banâtre, Jean-Pierre.
|
| 700 |
1 |
|
|a Bozyiğit, Müslim,
|d 1945-
|
| 710 |
2 |
|
|a North Atlantic Treaty Organization.
|b Scientific Affairs Division.
|
| 830 |
|
0 |
|a NATO ASI series.
|n Series F,
|p Computer and systems sciences ;
|v v. 28.
|
| 999 |
|
|
|a MARS
|
| 999 |
f |
f |
|s aa51a533-9ae2-36bc-9b5a-5c184638eede
|i bb7a82f0-2089-3c4f-a196-efa220a3344f
|t 0
|
| 952 |
f |
f |
|p ric
|a Texas A&M University
|b Rellis Campus
|c Joint Library Facility
|d Remote Storage
|t 0
|e QA76.9.D5 N377 1986
|h Library of Congress classification
|i unmediated -- volume
|m A14812606932
|
| 998 |
f |
f |
|a QA76.9.D5 N377 1986
|t 0
|l Remote Storage
|